Szczegóły MARC21

Słownik dla firm i instytucji : niemiecko-polski, polsko-niemiecki /

003 -Nazwa inst., której nr kontr. jest w polu 001 [,]
    • @
    • Nazwa instytucji, której n kontrolny jest w polu 001
    • NUKAT
005 -DATA I CZAS OSTATNIEJ MODYFIKACJI [,]
    • @
    • pole kontrolne
    • 20241231102847.0
020 -Międzynarod. znormalizowany nr książki - ISBN [ , ]
    • a
    • Numer ISBN
    • 8389427605 Find
040 -Instytucja sporządzająca opis [ , ]
    • a
    • Instytucja, która sporządziła opis (NP)
    • POZN U/KK
    • c
    • Instytucja, która sporządziła rekord (NP)
    • POZN U/KK
    • d
    • Instytucja, która zmodyfikowała rekord (P)
    • POZN U/RD
    • d
    • Instytucja, która zmodyfikowała rekord (P)
    • POZN U/MIs
    • d
    • Instytucja, która zmodyfikowała rekord (P)
    • WR U/dl
041 -Język dokumentu [0, ]
    • a
    • Język tekstu (P)
    • polski
    • a
    • Język tekstu (P)
    • niemiecki
942 -Rodzaj dokumentu [ , ]
    • c
    • Rodzaj dokumentu
    • Książka
245 -Strefa tytułu i oznaczenia odpowiedzialności [0,0]
    • a
    • Tytuł
    • Słownik dla firm i instytucji : Find
    • b
    • Ciąg dalszy tytułu (NP)
    • niemiecko-polski, polsko-niemiecki / Find
    • c
    • Pozostałe elementy strefy tytułu i oznaczenia odpowiedzialności (NP)
    • [zespół aut. Tomasz Soból et al.].
246 -Wariant tytułu [1,3]
    • a
    • Tytuł (NP)
    • Pons słownik dla firm i instytucji
260 -Strefa adresu wydawniczego [ , ]
    • a
    • Miejsce wydania (P)
    • Poznań :
    • b
    • Nazwa wydawcy (P)
    • LektorKlett,
    • c
    • Data wydania (P)
    • 2004.
300 -Strefa opisu fizycznego [ , ]
    • a
    • Określenie formy książki i/lub objętość (NP)
    • 336 s. ;
    • c
    • Format (NP)
    • 24 cm.
336 -Typ zawartości [ , ]
    • a
    • Termin opisujący typ zawartości
    • Tekst
    • b
    • Kod określający zawartość
    • txt
    • 2
    • Źródło (terminu i kodu)
    • rdacontent
337 -Typ mediów [ , ]
    • a
    • Tryb odtwarzania
    • Bez urządzenia pośredniczącego
    • b
    • Kod typu mediów
    • n
    • 2
    • Źródło (terminu i kodu)
    • rdamedia
338 -Typ/rodzaj nośnika [ , ]
    • a
    • Hasło opisujące typ nośnika
    • Wolumin
    • b
    • Kod typu nośnika
    • nc
    • 2
    • Źródło (terminu i kodu)
    • rdacarrier
490 -Strefa serii i książki wielotomowej - forma nie do wyszukiwania [1, ]
    • a
    • Tytuł (P)
    • Pons Find
830 -Hasło dodatkowe serii i opisu książki wielotomowej - tytuł ujednolicony/tytuł [ ,0]
    • a
    • Tytuł ujednolicony/tytuł (NP)
    • Pons
    • 9
    • KHW
    • 18345
080 -Uniwersalna Klasyfikacja Dziesiętna [ , ]
    • 2
    • Identyfikator wydania tablic
    • UDC-P022
    • a
    • Symbol klasyfikacji
    • 33
    • b
    • Dopowiedzenie
    • Nauki ekonomiczne. Gospodarka. Ekonomia.
    • b
    • Dopowiedzenie
    • (Słowniki).
    • b
    • Dopowiedzenie
    • niemiecko-polskie
    • x
    • Poddział wspólny
    • (038)
    • x
    • Poddział wspólny
    • =112.2=162.1
080 -Uniwersalna Klasyfikacja Dziesiętna [ , ]
    • 2
    • Identyfikator wydania tablic
    • UDC-P022
    • a
    • Symbol klasyfikacji
    • 34
    • b
    • Dopowiedzenie
    • Nauki prawne. Prawo.
    • b
    • Dopowiedzenie
    • (Słowniki).
    • b
    • Dopowiedzenie
    • niemiecko-polskie
    • x
    • Poddział wspólny
    • (038)
    • x
    • Poddział wspólny
    • =112.2=162.1
080 -Uniwersalna Klasyfikacja Dziesiętna [ , ]
    • 2
    • Identyfikator wydania tablic
    • UDC-P022
    • a
    • Symbol klasyfikacji
    • 33
    • b
    • Dopowiedzenie
    • Nauki ekonomiczne. Gospodarka. Ekonomia.
    • b
    • Dopowiedzenie
    • (Słowniki).
    • b
    • Dopowiedzenie
    • polsko-niemieckie
    • x
    • Poddział wspólny
    • (038)
    • x
    • Poddział wspólny
    • =162.1=112.2
080 -Uniwersalna Klasyfikacja Dziesiętna [ , ]
    • 2
    • Identyfikator wydania tablic
    • UDC-P022
    • a
    • Symbol klasyfikacji
    • 34
    • b
    • Dopowiedzenie
    • Nauki prawne. Prawo.
    • b
    • Dopowiedzenie
    • (Słowniki).
    • b
    • Dopowiedzenie
    • polsko-niemieckie
    • x
    • Poddział wspólny
    • (038)
    • x
    • Poddział wspólny
    • =162.1=112.2
650 -Hasło przedmiotowe [ ,7]
    • a
    • Hasło przedmiotowe
    • Język niemiecki
    • x
    • Określnik rzeczowy
    • język handlowy
    • v
    • Określnik formalny
    • glosaria polskie.
    • 2
    • Źródło terminu
    • kaba
    • 9
    • KHW
    • 368694
650 -Hasło przedmiotowe [ ,7]
    • a
    • Hasło przedmiotowe
    • Język polski
    • x
    • Określnik rzeczowy
    • język handlowy
    • v
    • Określnik formalny
    • glosaria niemieckie.
    • 2
    • Źródło terminu
    • kaba
    • 9
    • KHW
    • 362094
650 -Hasło przedmiotowe [ ,7]
    • a
    • Hasło przedmiotowe
    • Język niemiecki
    • x
    • Określnik rzeczowy
    • język prawniczy
    • v
    • Określnik formalny
    • glosaria polskie.
    • 2
    • Źródło terminu
    • kaba
    • 9
    • KHW
    • 439477
650 -Hasło przedmiotowe [ ,7]
    • a
    • Hasło przedmiotowe
    • Język polski
    • x
    • Określnik rzeczowy
    • język prawniczy
    • v
    • Określnik formalny
    • glosaria niemieckie.
    • 2
    • Źródło terminu
    • kaba
    • 9
    • KHW
    • 362093
980 -Symbol UKD [ , ]
    • a
    • UKD
    • 33+34](038)=162.1=112.2
700 -Hasło dodatkowe - nazwa osobowa [1, ]
    • a
    • Nazwa osobowa (NP)
    • Sobół, Tomasz. Find
    • 9
    • KHW
    • 407574
710 -Hasło dodatkowe - nazwa ciała zbiorowego [2, ]
    • a
    • Nazwa ciała zbiorowego lub nazwa geograficzna jako pierwszy element (NP)
    • Wydawnictwo LektorKlett.
    • 4
    • Kod relacji
    • pbl
    • 9
    • KHW
    • 50763
920 -ISBN [ , ]
    • a
    • ISBN
    • 83-89427-60-5 Find
Sygnatura Lokalizacja Status udost. Data inwentaryzacji Numer inwentarzowy
GERM. Słowniki dwujęzyczne 17BM12006-10-19G.18430